000 01763nam a2200313 a 4500
001 000028806
005 20200930055141.0
008 110412s1992 dr acd r 001 0 spa d
020 _a8489538018
040 _aDO-SdBNP
_bspa
_cBNPHU
082 _a631.5
_bA281c
245 0 0 _aAgroforestería y conservación de suelos :
_bexperiencias del proyecto de desarrollo agroforestal de Zambrana-Chacuey, Cotui, República Dominicana /
_cTexto Mamerto Valerio, Lionel Robineau ; edición al cuidado de Víctor Eddy Ruíz.
260 _aSanto Domingo :
_bEnda-Caribe,
_c1992.
300 _a84 p. :
_bil., gráfcs., retrs., tablas ;
_c22 cm.
490 1 _aExperiencias y técnicas agroforestales
_vv. 5
505 0 _gIntroducción --
_t¿Que es la agroforestería? --
_tÁrea del Proyecto AGROSIL --
_tDescripción del proyecto --
_tObstáculos y facilidades para el desarrollo del proyecto --
_tImpacto --
_tNuevos frentes de trabajo --
_tConvenios para la ejecución del proyecto --
_gConclusiones --
_aAnexos.
590 _aInventariado, 2018/BT
650 4 _aConservación de suelos
_955780
650 4 _aProyectos agroforestales
_zCotuí (República Dominicana{Rpara}
_955781
650 4 _aAsistencia agrícola
_955782
650 4 _aAgricultura de subsistencia
_zCotuí (República Dominicana{Rpara}
_955783
650 4 _aProducción agropecuaria
_zCotuí (República Dominicana{Rpara}
_955784
700 1 _aValerio, Mamerto
_921786
700 1 _aRobineau, Lionel
_936610
700 1 _aRuíz, Víctor Eddy,
_eed.
_910438
710 2 _aOrganización Internacional Medio Ambiente y Desarrollo del Tercer Mundo. Oficina Regional del Caribe (Enda-Caribe)
_955785
830 0 _aExperiencias y técnicas agroforestales
_nn. 5
_955786
910 _aValidado. Control de calidad. EMS
999 _c28298
_d28298